Biology : exploring life (Record no. 9456)
[ view plain ]
| 000 -LEADER | |
|---|---|
| fixed length control field | 00413nam a22001337a 4500 |
| 020 ## - ISBN | |
| International Standard Book Number | 0471619027 |
| 020 ## - ISBN | |
| International Standard Book Number | 9780471619024 |
| 050 ## - LIBRARY OF CONGRESS CALL NUMBER | |
| Classification Number | QH315 |
| Item Number | .B56 1989 |
| 245 ## - TITLE | |
| Title | Biology : exploring life |
| Remainder of title | Study guide |
| Statement of responsibility, etc | Michael LeBoffe; Gary Wisehart; Gilbert D Brum; Larry McKane |
| 260 ## - PUBLICATION, DISTRIBUTION, ETC.(IMPRINT) | |
| Place of publication, distribution, etc | New York : |
| Name of publisher, distributor, etc | Wiley, |
| Date of publication, distribution, etc | 1989. |
| 300 ## - PHYSICAL DESCRIPTION | |
| Extent | viii, 309 pages : illustrations ; 28 cm |
| 650 ## - SUBJECT--TOPIC | |
| Topical term following geographic name as entry element | Biology. |
| 942 ## - ADDED ENTRY ELEMENTS(KOHA) | |
| Source of classification or shelving scheme | Library of Congress Classification |
| Koha item type | General circulation |
| Source of classification or shelving scheme | Not for loan | Location (home branch) | Sublocation (holding branch) | Shelving location | Date accessioned | Full call number | Barcode | Koha item type | Public note |
|---|---|---|---|---|---|---|---|---|---|
| Library of Congress Classification | Main Campus Library | Main Campus Library | 14/10/2015 | QH315 .B56 1989 | 2015/008492 | General circulation | amm |